El proceso del aprestamiento /

Guardado en:
Autor Principal: Hayquel de Andrés, Myriam
Formato: Libro
Publicado: Argentina : Ta.p.as., 1980
Materias:
Etiquetas: Agregar Etiqueta
Sin Etiquetas, Sea el primero en etiquetar este registro!
LEADER 00461nam a22001575a 4500
001 CEM.cems003183
005 19000101000000.0
008 130507s1980##################000#0#####d
003 CEMS
082 0 4 |a 372.2 
100 1 |a Hayquel de Andrés, Myriam 
245 1 0 |a El proceso del aprestamiento /  |c Myriam Hayquel de Andrés 
260 |a Argentina :  |b Ta.p.as.,  |c 1980 
300 |a 83 p. 
653 |a Educacion 
859 |a CEMS  |b BIB. CEMS - 11 de abril  |h 372.2  |i H334-4  |p 11543.82  |t Ej.1